| 000 | 00000nam##2200000za#4500 |
| 001 | 9.607292 |
| 003 | CaOODSP |
| 005 | 20210624213044 |
| 007 | cr ||||||||||| |
| 008 | 150406|2001||||xxc|||||o f|0| 0 fre|d |
| 040 | |aCaOODSP|bfre |
| 043 | |an-cn--- |
| 086 | 1 |aH113-6/2001-2F-PDF |
| 110 | 1 |aCanada.|bSanté Canada. |bAgence de réglementation de la lutte antiparasitaire. |
| 245 | 10|aAbamectine - Appât pour blattes Raid Max |h[ressource électronique] |
| 260 | |aOttawa - Ontario : |bSanté Canada. |cLe 8 mai 2001. |
| 300 | |a2p. |
| 490 | 1 |aDécision réglementaire |vRDD2001-02 |
| 590 | |a14-14-Supp|b2014-07-24 |
| 691 | 07|aInsecticide|2gcpds |
| 775 | 08|tAbamectin - Raid Max Roach Bait |w(CaOODSP)9.580247 |
| 830 | #0|aDécision réglementaire ;|vRDD2001-02|w(CaOODSP)9.500879 |
| 856 | 40|ahttp://publications.gc.ca|qPDF|s41 Ko|uhttps://publications.gc.ca/collections/collection_2014/sc-hc/H113-6-2001-2-fra.pdf|yRDD2001-02 |